University Home | Library Home | Institutional Repository

Fluid mechanics: (Record no. 124257)

MARC details
000 -LEADER
fixed length control field 00523cas a2200181 4500
008 - FIXED-LENGTH DATA ELEMENTS--GENERAL INFORMATION
fixed length control field 150212n eng u
020 ## - INTERNATIONAL STANDARD BOOK NUMBER
International Standard Book Number 9788122430165
035 ## - SYSTEM CONTROL NUMBER
System control number (Sirsi) a188155
050 ## - LIBRARY OF CONGRESS CALL NUMBER
Classification number TA 357 GAR 2011
100 ## - MAIN ENTRY--PERSONAL NAME
Personal name Garde, R.J.
245 ## - TITLE STATEMENT
Title Fluid mechanics:
Remainder of title through problems/
Statement of responsibility, etc. R.J. Garde
250 ## - EDITION STATEMENT
Edition statement 3rd ed.
260 ## - PUBLICATION, DISTRIBUTION, ETC.
Place of publication, distribution, etc. New Dehli:
Name of publisher, distributor, etc. New age international ltd. publishers,
Date of publication, distribution, etc. 2011.
300 ## - PHYSICAL DESCRIPTION
Extent xiv, 633p. :
Other physical details ill.
504 ## - BIBLIOGRAPHY, ETC. NOTE
Bibliography, etc. note Includes index
650 ## - SUBJECT ADDED ENTRY--TOPICAL TERM
Topical term or geographic name entry element Fluid Mechanics
650 ## - SUBJECT ADDED ENTRY--TOPICAL TERM
Topical term or geographic name entry element Hydraulics
Holdings
Withdrawn status Lost status Source of classification or shelving scheme Damaged status Not for loan Home library Current library Shelving location Total Checkouts Full call number Barcode Date last seen Copy number Price effective from Koha item type
    Library of Congress Classification     Main Library Main Library On Shelf   MINES TA 357 GAR 2011 0151-2015 08/22/2019 1 08/22/2019 Book
© 2026 - The University of Zambia Library - Koha v25.11